000
002510000a22000970004500
100
1
_a
Posada, Felix
245
1
0
_a
Evangelización y proselitismo religioso
300
_a
Vol. 11, (2002), Páginas 22
773
0
_t
La Voz Luterana de Colombia
942
_c
ANA
999
_c
51805
_d
51805